| 000 | 00735nam a22002057a 4500 | ||
|---|---|---|---|
| 005 | 20240429163315.0 | ||
| 008 | 130821s1943 xxu gr eng | ||
| 040 |
_aCo-BoUCM _bspa _cNatalia Piñeros (Modificó) _dNatalia Piñeros (Modificó) |
||
| 041 | 0 | 0 | _aeng |
| 100 |
_aDixon, Robert J. _9170979 |
||
| 245 | 0 | 0 |
_aGraded exercises in English _cRobert J. Dixon |
| 260 |
_aNueva York (Estados Unidos) _bRegents Publishing Co., Inc _c1943 |
||
| 300 | _a154 Páginas | ||
| 650 | 0 | 4 |
_aEnseñanza _97573 |
| 650 | 0 | 4 |
_aInglés básico _917657 |
| 650 | 0 | 4 |
_aInglés básico _xEnseñanza _917657 |
| 650 | 1 | 7 |
_aInglés _xComposición y ejercicios _9180604 |
| 942 |
_cLIBRO _a10 _e1 _mD621 _n0 _2DEWEY _h425 |
||
| 999 |
_c87437 _d87437 |
||